Croatia 2026 FIFA World Cup Squad - Statistics

General Stats
  • This quiz has been taken 53 times
  • The average score is 12 of 27
Answer Stats
# Position Player % Correct
© MF Luka Modrić
98%
DF Joško Gvardiol
93%
GK Dominik Livaković
91%
FW Ivan Perišić
86%
MF Mateo Kovačić
82%
FW Andrej Kramarić
66%
DF Josip Stanišić
57%
MF Mario Pašalić
50%
FW Marco Pašalić
48%
Manager Zlatko Dalić
48%
DF Duje Ćaleta-Car
43%
DF Josip Šutalo
43%
MF Luka Sučić
43%
MF Petar Sučić
43%
FW Ante Budimir
39%
MF Martin Baturina
34%
DF Luka Vušković
32%
DF Martin Erlić
27%
MF Nikola Vlašić
27%
FW Igor Matanović
23%
DF Marin Pongračić
23%
MF Kristijan Jakić
20%
FW Petar Musa
20%
MF Toni Fruk
20%
GK Ivor Pandur
18%
MF Nikola Moro
18%
GK Dominik Kotarski
16%
No matching quizzes found
Score Distribution
Percent of People with Each Score
Percentile by Number Answered
Your Score History
You have not taken this quiz